000 00978nam a2200253 i 4500
001 50457
003 ES-MaACL
005 20250307123807.0
007 t|
008 030804s1969 sp ||||1| spa d
100 1 _aCuyás Armengol, Arturo.
_9148645
245 1 0 _aGran diccionario Cuyás :
_binglés-español, español-inglés /
_cpor Arturo y Antonio Cuyás.
250 _aNueva ed. corr. y aum. por Mauricio Bohigas y Rosell.
260 _aBarcelona :
_bHymsa,
_c1969.
300 _a2 t. en 1 v. ;
_c23 cm.
650 4 _aLengua inglesa-
_vDiccionarios-
_xEspañol.
_914270
650 4 _aLengua española-
_vDiccionarios-
_xInglés.
_914142
700 1 _aCuyás Armengol, Antonio.
_9148646
700 1 _aBohigas y Rosell, Mauricio.
_929822
852 4 _aES-MaACL
_952383
_bR.79208
_jG-16096
_cDEPO2
_dOlim: A-5480
852 4 _aES-MaACL
_bR.55150
_jG-16103
_cDEPO2
_dOlim: A-5386
_xEncuadernación tapa dura
942 _2udc
_cMONOGRAFIA
_n0
999 _c50457
_d50457